Tazkera ulama e Bihar (Record no. 455519)

MARC details
000 -LEADER
fixed length control field 00543nam a2200193Ia 4500
003 - CONTROL NUMBER IDENTIFIER
control field OSt
005 - DATE AND TIME OF LATEST TRANSACTION
control field 20251106153030.0
008 - FIXED-LENGTH DATA ELEMENTS--GENERAL INFORMATION
fixed length control field 220923b |||||||| |||| 00| 0 urd d
037 ## - SOURCE OF ACQUISITION
Terms of availability TB
040 ## - CATALOGING SOURCE
Original cataloging agency CRL
Transcribing agency CRL
Language of cataloging urd
041 ## - LANGUAGE CODE
Source of code urd
Language code of text/sound track or separate title urd
084 ## - COLON CLASSIFICATION NUMBER
Classification number O168w273 P6.1-.2
Assigning agency CRL
100 ## - MAIN ENTRY--PERSONAL NAME
Personal name Shamsi Abul Kalam Qasmi
9 (RLIN) 216678
245 #0 - TITLE STATEMENT
Title Tazkera ulama e Bihar
260 ## - PUBLICATION, DISTRIBUTION, ETC.
Date of publication, distribution, etc. 1974.
650 ## - SUBJECT ADDED ENTRY--TOPICAL TERM
Topical term or geographic name entry element URDU LITERATURE
9 (RLIN) 850337
942 ## - ADDED ENTRY ELEMENTS (KOHA)
Classification part O168w273 P6.1-.2
Koha item type Textbook
Source of classification or shelving scheme Colon Classification (CC)
Suppress in OPAC No
Holdings
Withdrawn status Lost status Source of classification or shelving scheme Damaged status Not for loan Home library Current library Date acquired Total Checkouts Full call number Barcode Date last seen Price effective from Koha item type
    Colon Classification (CC)     Arts Library Arts Library 2022-09-24   O168w273 P6.1-.2 CL1181208 2022-09-24 2022-09-24 Textbook
Copyright @ Delhi University Library System